PARK'S PEDIATRIC CARDIOLOGY FOR PRACTITIONERS (Record no. 18486)

MARC details
000 -LEADER
fixed length control field 00367nam a22001577a 4500
003 - CONTROL NUMBER IDENTIFIER
control field SGT
020 ## - INTERNATIONAL STANDARD BOOK NUMBER
International Standard Book Number 978-81-312-3896-7
082 ## - DEWEY DECIMAL CLASSIFICATION NUMBER
Classification number 618.92
Item number P18P
100 ## - MAIN ENTRY--PERSONAL NAME
Personal name PARK, MYUNG K.
245 ## - TITLE STATEMENT
Title PARK'S PEDIATRIC CARDIOLOGY FOR PRACTITIONERS
250 ## - EDITION STATEMENT
Edition statement 6TH
260 ## - PUBLICATION, DISTRIBUTION, ETC. (IMPRINT)
Place of publication, distribution, etc INDIA
Name of publisher, distributor, etc ELSEVIER PUB
Year of Publication 2018
300 ## - PAGE DESCRIPTION
No. of Pages 676
650 ## - SUBJECT ADDED ENTRY--TOPICAL TERM
Topical term or geographic name as entry element PEDIATRIC
942 ## - ADDED ENTRY ELEMENTS (KOHA)
Source of classification or shelving scheme Dewey Decimal Classification
Koha item type Books
942 ## - ADDED ENTRY ELEMENTS (KOHA)
-- 1
Holdings
Withdrawn status Lost status Source of classification or shelving scheme Damaged status Not for loan Collection code Home library Current library Shelving location Date acquired Vendor Name Cost, normal purchase price SGTU Bill Number Total Checkouts Full call number Accession No. (Barcode) Date last seen Bill Date Koha item type Date last borrowed
    Dewey Decimal Classification   Not For Loan MEDICAL SGT Medical Library SGT Medical Library Text Book 12/07/2019 ABC DELHI 2145.00 SGTU 11141   618.92 P18P FM11453 12/07/2019 03/07/2019 Books  
    Dewey Decimal Classification     MEDICAL SGT Medical Library SGT Medical Library Text Book 12/07/2019 ABC DELHI 2145.00 SGTU 11141 6 618.92 P18P FM11454 05/12/2024 03/07/2019 Books 11/11/2024